000 00854nam0a22002651 4500
001 rc\6531
005 20250620112306.0
010 _a5-7768-0072-2
_91000
035 _a(NLR Aleph) 005296307
090 _a6242574
_c6242574
100 _a20021204d1991 |||y0rusy50 ca
101 0 _arus
102 _aRU
105 _ay |||||||||
200 1 _aГражданин. Предпринимательство. Закон
210 _aХарьков
_cОснова
_d1991
215 _a93, [1] с.
_d20
300 _aПеред вып. дан. авт.: Азимов Чингисхан Нуфатович
320 _aБиблиогр. в примеч.: с. 91-94
700 1 _aАзимов
_bЧ.Н.
_gЧингизхан Нуфатович
801 0 _aRU
_bNLR
_gpsbo
801 1 _aRU
_bELAR
_2rusmarc
852 _aNLR
_j91-4/14532
942 _cBOOK
980 _aNB